[Event "FIN-chT1A 1516"]
[Site "Finland"]
[Date "2015.09.12"]
[Round "1.1"]
[White "Kanko, Ilkka"]
[Black "Vuorisalo, Veli Matti"]
[Result "0-1"]
[WhiteElo "2186"]
[BlackElo "2160"]
[PlyCount "110"]
[EventDate "2015.09.12"]
[EventType "team-tourn"]
[EventRounds "8"]
[EventCountry "FIN"]
[SourceTitle "EXT 2017"]
[Source "ChessBase"]
[SourceDate "2016.10.25"]
[SourceVersion "1"]
[SourceVersionDate "2016.10.25"]
[SourceQuality "1"]
[WhiteTeam "Helsinki HSK II"]
[BlackTeam "Pori PSY"]
[WhiteTeamCountry "FIN"]
[BlackTeamCountry "FIN"]

1. d4 Nf6 2. c4 e6 3. Nc3 c5 4. d5 exd5 5. cxd5 d6 6. e4 g6 7. h3 Bg7 8. Nf3 0-0 9. Bd3 a6 10. a4 Nbd7 11. 0-0 Qc7 12. Be3 Rb8 13. Rc1 Qa5 14. Nd2 Re8 15. f4 b5 16. axb5 axb5 17. Ra1 Qb4 18. Qc2 c4 19. Be2 Nxe4 20. Ndxe4 f5 21. Ba7 fxe4 22. Bxb8 Nxb8 23. Kh1 e3 24. Rf3 Bf5 25. Qc1 Qc5 26. Ra5 Bxc3 27. Qxc3 Bd3 28. b4 Qb6 29. Ra2 Be4 30. Rg3 Nd7 31. Bg4 Nf8 32. Re2 Bd3 33. Re1 e2 34. f5 Re5 35. fxg6 hxg6 36. Rf3 Qa7 37. Rf6 Qe7 38. Rf2 Nh7 39. Be6+ Kg7 40. Rf7+ Qxf7 41. Bxf7 Kxf7 42. Qd4 Nf6 43. Qa7+ Re7 44. Qd4 Ne4 45. Kg1 Kg8 46. Qe3 Kf7 47. Qf4+ Kg7 48. Qe3 Re5 49. Qa7+ Kf6 50. Qa8 Rf5 51. Qh8+ Kg5 52. Kh2 Rf1 53. Qa1 c3 54. Qc1+ Kf5 55. Qa1 Ke5 0-1

[Event "Helsinki We Ilkka Kanko 70v"]
[Site "Helsinki"]
[Date "2015.01.24"]
[Round "3"]
[White "Alkkiomaki, Jyrki"]
[Black "Kanko, Ilkka"]
[Result "1/2-1/2"]
[WhiteElo "1942"]
[BlackElo "2199"]
[PlyCount "44"]
[EventDate "2015.01.23"]
[EventType "swiss"]
[EventRounds "5"]
[EventCountry "FIN"]
[SourceTitle "EXT 2022"]
[Source "ChessBase"]
[SourceDate "2021.10.06"]
[SourceVersion "1"]
[SourceVersionDate "2021.10.06"]
[SourceQuality "1"]

1. e4 c5 2. Nf3 e6 3. d4 cxd4 4. Nxd4 Nc6 5. Nxc6 bxc6 6. Bd3 Nf6 7. 0-0 e5 8. Nd2 Be7 9. Nc4 d6 10. f4 0-0 11. Kh1 Qc7 12. Qf3 Be6 13. Bd2 Rad8 14. fxe5 dxe5 15. Bc3 Nd7 16. Ne3 Nc5 17. Bc4 Na4 18. Bxe6 fxe6 19. Qh3 Qd6 20. Ba5 Rxf1+ 21. Rxf1 Rf8 22. Rxf8+ Bxf8 1/2-1/2

[Event "EU-chT Seniors"]
[Site "Sibenik"]
[Date "2014.04.02"]
[Round "2.2"]
[White "Stohl, Igor"]
[Black "Kanko, Ilkka"]
[Result "1-0"]
[WhiteElo "2516"]
[BlackElo "2188"]
[PlyCount "81"]
[EventDate "2014.04.01"]
[EventType "team-swiss"]
[EventRounds "9"]
[EventCountry "CRO"]
[SourceTitle "CBM 159 Extra"]
[Source "ChessBase"]
[SourceDate "2014.04.24"]
[SourceVersion "1"]
[SourceVersionDate "2014.04.24"]
[SourceQuality "1"]
[WhiteTeam "Slovakia Seniors"]
[BlackTeam "Finland Seniors"]
[WhiteTeamCountry "SVK"]
[BlackTeamCountry "FIN"]

1. d4 Nf6 2. c4 e6 3. Nc3 Bb4 4. Qc2 c5 5. dxc5 Qc7 6. Nf3 a6 7. g3 Bxc5 8. Bg2 0-0 9. Bf4 Bd6 10. Bxd6 Qxd6 11. 0-0 Qc7 12. Qb3 d6 13. Rfd1 Nc6 14. Qa3 Rd8 15. Rac1 Rb8 16. Nd5 exd5 17. cxd5 Qb6 18. dxc6 bxc6 19. Rxd6 Rxd6 20. Qxd6 Bd7 21. b3 Be8 22. Qd4 Qa5 23. Qd2 Qb6 24. Qd4 Qa5 25. Qe5 Qb6 26. Nd4 Rd8 27. e3 Qb4 28. Qc5 Qd2 29. Qc2 Qa5 30. Bxc6 Rc8 31. Qb2 Qh5 32. Bf3 Rxc1+ 33. Qxc1 Qa5 34. a3 h6 35. Kg2 Bd7 36. b4 Qe5 37. Qc4 g5 38. Qxa6 g4 39. Bc6 Bf5 40. Nxf5 Qxf5 41. Qc4 1-0

[Event "EU-chT Seniors"]
[Site "Sibenik"]
[Date "2014.04.01"]
[Round "1.11"]
[White "Kanko, Ilkka"]
[Black "Reuben, Stewart"]
[Result "1/2-1/2"]
[WhiteElo "2188"]
[BlackElo "2063"]
[PlyCount "39"]
[EventDate "2014.04.01"]
[EventType "team-swiss"]
[EventRounds "9"]
[EventCountry "CRO"]
[SourceTitle "CBM 159 Extra"]
[Source "ChessBase"]
[SourceDate "2014.04.24"]
[SourceVersion "1"]
[SourceVersionDate "2014.04.24"]
[SourceQuality "1"]
[WhiteTeam "Finland Seniors"]
[BlackTeam "England Seniors II"]
[WhiteTeamCountry "FIN"]
[BlackTeamCountry "ENG"]

1. d4 Nf6 2. c4 e6 3. Nf3 c5 4. e3 b6 5. Nc3 Be7 6. Be2 Bb7 7. 0-0 d5 8. cxd5 Nxd5 9. Qa4+ Bc6 10. Bb5 Qd7 11. Bxc6 Qxc6 12. Qxc6+ Nxc6 13. Nxd5 exd5 14. dxc5 bxc5 15. Bd2 0-0 16. Bc3 Rfd8 17. Rfd1 Rd7 18. Rd2 Rad8 19. Rad1 f6 20. b3 1/2-1/2

[Event "FIN-chT1 West 1314"]
[Site "Finland"]
[Date "2014.02.08"]
[Round "6.8"]
[White "Kanko, Ilkka"]
[Black "Rautanen, Sari"]
[Result "0-1"]
[WhiteElo "2198"]
[BlackElo "1956"]
[PlyCount "78"]
[EventDate "2013.09.21"]
[EventType "team-tourn"]
[EventRounds "9"]
[EventCountry "FIN"]
[SourceTitle "EXT 2022"]
[Source "ChessBase"]
[SourceDate "2021.10.06"]
[SourceVersion "1"]
[SourceVersionDate "2021.10.06"]
[SourceQuality "1"]
[WhiteTeam "Helsinki HSK"]
[BlackTeam "Vantaa EtVaS II"]
[WhiteTeamCountry "FIN"]
[BlackTeamCountry "FIN"]

1. d4 d6 2. e4 Nf6 3. f3 e5 4. Ne2 Be7 5. c4 0-0 6. Nbc3 c6 7. d5 Nbd7 8. Be3 a5 9. Qd2 a4 10. Ng3 Nc5 11. Nf5 Bxf5 12. exf5 Qa5 13. Be2 Rfe8 14. 0-0 Bf8 15. Rab1 Qc7 16. g4 e4 17. Bd4 exf3 18. Bxf3 Nfe4 19. Nxe4 Nxe4 20. Qf4 cxd5 21. cxd5 Qc4 22. Rbd1 Nc5 23. g5 Nd3 24. Qh4 Ne5 25. Bh5 g6 26. fxg6 fxg6 27. Bf3 Nxf3+ 28. Rxf3 Qxd5 29. Rfd3 Re4 30. Qg3 Qxa2 31. Re3 Rae8 32. Rxe4 Rxe4 33. Qf3 Qe6 34. Bf6 d5 35. Kh1 Bc5 36. Rf1 b5 37. h3 b4 38. Rf2 a3 39. bxa3 bxa3 0-1

[Event "FIN-chT1 West 1314"]
[Site "Finland"]
[Date "2013.11.02"]
[Round "3.8"]
[White "Kanko, Ilkka"]
[Black "Koivumaki, Marko"]
[Result "1-0"]
[WhiteElo "2198"]
[BlackElo "1848"]
[PlyCount "71"]
[EventDate "2013.09.21"]
[EventType "team-tourn"]
[EventRounds "9"]
[EventCountry "FIN"]
[SourceTitle "EXT 2022"]
[Source "ChessBase"]
[SourceDate "2021.10.06"]
[SourceVersion "1"]
[SourceVersionDate "2021.10.06"]
[SourceQuality "1"]
[WhiteTeam "Helsinki HSK"]
[BlackTeam "Loimaa SK"]
[WhiteTeamCountry "FIN"]
[BlackTeamCountry "FIN"]

1. d4 Nf6 2. c4 c5 3. d5 e6 4. Nc3 exd5 5. cxd5 d6 6. e4 a6 7. a4 Bg4 8. Qb3 Qc7 9. h3 Bc8 10. Nf3 Nbd7 11. Nd2 Be7 12. Nc4 0-0 13. Be2 Rb8 14. a5 Ne5 15. Nb6 Ned7 16. Nxc8 Rfxc8 17. 0-0 Re8 18. Qc2 Ne5 19. Bd2 Nfd7 20. Na4 Bf6 21. Rac1 Rec8 22. Kh1 Qd8 23. f4 Ng6 24. Bg4 Rc7 25. Be3 b5 26. axb6 Nxb6 27. Nxb6 Rxb6 28. Bd2 Rxb2 29. Qd3 Ra7 30. e5 dxe5 31. Rxc5 Nxf4 32. Bxf4 exf4 33. Rc8 Rb8 34. Rxd8+ Rxd8 35. Rxf4 a5 36. Bd1 1-0

[Event "FIN-chT 1213"]
[Site "Finland"]
[Date "2013.01.12"]
[Round "8.4"]
[White "Kanko, Ilkka"]
[Black "Fraser, Scott"]
[Result "0-1"]
[WhiteElo "2228"]
[BlackElo "2132"]
[PlyCount "79"]
[EventDate "2012.09.28"]
[EventType "team-tourn"]
[EventRounds "11"]
[EventCountry "FIN"]
[SourceTitle "EXT 2014"]
[Source "ChessBase"]
[SourceDate "2013.11.20"]
[SourceVersion "1"]
[SourceVersionDate "2013.11.20"]
[SourceQuality "1"]
[WhiteTeam "Helsinki HSK"]
[BlackTeam "Espoo MatSK II"]
[WhiteTeamCountry "FIN"]
[BlackTeamCountry "FIN"]

1. d4 d5 2. c4 c6 3. Nf3 Nf6 4. Nc3 a6 5. e3 g6 6. b3 Bg7 7. Be2 0-0 8. 0-0 Ne4 9. Bb2 Nxc3 10. Bxc3 Bg4 11. h3 Bxf3 12. Bxf3 e6 13. Rc1 Nd7 14. e4 Nf6 15. e5 Nd7 16. cxd5 cxd5 17. Bb4 Re8 18. Qd2 Nb8 19. Rc2 Nc6 20. Bc3 Rc8 21. Rfc1 Qh4 22. Qd3 Bh6 23. Rd1 Rc7 24. Ba5 Rd7 25. Rxc6 bxc6 26. Qxa6 Rb8 27. Qxc6 Ra7 28. Qc5 Rba8 29. b4 Bf8 30. Qc3 Rxa5 31. bxa5 Qd8 32. Rb1 Qxa5 33. Qc6 Qxa2 34. Rb7 Qa1+ 35. Kh2 Qxd4 36. Rxf7 Qxe5+ 37. g3 Ra2 38. Bxd5 exd5 39. Rxf8+ Kxf8 40. Qc8+ 0-1

[Event "EU-chT Seniors"]
[Site "Rogaska Slatina"]
[Date "2012.04.03"]
[Round "8.8"]
[White "Kanko, Ilkka"]
[Black "Jamieson, Peter Michael"]
[Result "1/2-1/2"]
[WhiteElo "2250"]
[BlackElo "2251"]
[PlyCount "74"]
[EventDate "2012.03.27"]
[EventType "team-swiss"]
[EventRounds "9"]
[EventCountry "SLO"]
[SourceTitle "CBM 147 Extra"]
[Source "ChessBase"]
[SourceDate "2012.04.24"]
[SourceVersion "1"]
[SourceVersionDate "2012.04.24"]
[SourceQuality "1"]
[WhiteTeam "Finland (Seniors)"]
[BlackTeam "Scotland (Seniors)"]
[WhiteTeamCountry "FIN"]
[BlackTeamCountry "SCO"]

1. d4 g6 2. c4 d6 3. e4 Bg7 4. Ne2 Nf6 5. Nbc3 0-0 6. f3 a6 7. Be3 Nc6 8. Qd2 Rb8 9. d5 Na5 10. Nc1 c5 11. Rb1 e6 12. b4 exd5 13. cxd5 cxb4 14. Rxb4 b5 15. Be2 Nd7 16. 0-0 Ne5 17. Bd4 Nac4 18. Bxc4 Nxc4 19. Qf2 Bd7 20. Bxg7 Kxg7 21. Qd4+ Qf6 22. Qxf6+ Kxf6 23. Nd3 a5 24. e5+ Kg7 25. Rbb1 Nd2 26. exd6 Nxb1 27. Rxb1 Bf5 28. Ne4 Rfd8 29. Rc1 Bxe4 30. fxe4 Rxd6 31. Rc7 Re8 32. Nc5 Rf6 33. Rb7 b4 34. Ra7 Rf4 35. Ne6+ Rxe6 36. dxe6 Rxe4 37. Rxf7+ Kg8 1/2-1/2

[Event "EU-chT Seniors"]
[Site "Thessaloniki"]
[Date "2011.05.11"]
[Round "9"]
[White "Hajenius, Willem"]
[Black "Kanko, Ilkka"]
[Result "0-1"]
[WhiteElo "1983"]
[BlackElo "2231"]
[PlyCount "82"]
[EventDate "2011.05.03"]
[EventType "team-swiss"]
[EventRounds "9"]
[EventCountry "GRE"]
[SourceTitle "CBM 142 Extra"]
[Source "ChessBase"]
[SourceDate "2011.06.27"]
[SourceVersion "1"]
[SourceVersionDate "2011.06.27"]
[SourceQuality "1"]
[WhiteTeam "Belgium"]
[BlackTeam "Finland"]
[WhiteTeamCountry "BEL"]
[BlackTeamCountry "FIN"]

1. d4 Nf6 2. c4 e6 3. Nc3 Bb4 4. Bg5 h6 5. Bh4 0-0 6. e3 b6 7. f3 Bb7 8. Bd3 d5 9. Nge2 c5 10. a3 dxc4 11. Bxc4 Ba5 12. 0-0 Nbd7 13. Rb1 cxd4 14. exd4 Rc8 15. Ba2 Bxc3 16. bxc3 Ba6 17. Be1 Bc4 18. Bxc4 Rxc4 19. Qb3 Qc7 20. Bd2 Nd5 21. Rbc1 Rc8 22. Qc2 Qc6 23. Qd3 Qa4 24. f4 f5 25. g4 Rf8 26. Ng3 Ne7 27. g5 hxg5 28. fxg5 Ng6 29. Qe2 Rc6 30. Qh5 Kf7 31. d5 exd5 32. Rce1 Kg8 33. Nxf5 Qxa3 34. Re3 Qc5 35. Kg2 d4 36. cxd4 Qd5+ 37. Kg1 Rxf5 38. Rxf5 Qxf5 39. Rf3 Qb1+ 40. Rf1 Qe4 41. Be1 Rc2 0-1

[Event "EU-chT Seniors"]
[Site "Thessaloniki"]
[Date "2011.05.06"]
[Round "4"]
[White "Dragasevic, Srdjan"]
[Black "Kanko, Ilkka"]
[Result "1/2-1/2"]
[WhiteElo "2266"]
[BlackElo "2231"]
[PlyCount "57"]
[EventDate "2011.05.03"]
[EventType "team-swiss"]
[EventRounds "9"]
[EventCountry "GRE"]
[SourceTitle "CBM 142 Extra"]
[Source "ChessBase"]
[SourceDate "2011.06.27"]
[SourceVersion "1"]
[SourceVersionDate "2011.06.27"]
[SourceQuality "1"]
[WhiteTeam "Montenegro"]
[BlackTeam "Finland"]
[WhiteTeamCountry "MNE"]
[BlackTeamCountry "FIN"]

1. d4 Nf6 2. Bg5 d5 3. Nd2 Nbd7 4. e3 h6 5. Bh4 e6 6. f4 Be7 7. Bd3 b6 8. Bxf6 Nxf6 9. Nh3 Bb7 10. Nf2 a6 11. 0-0 0-0 12. Qf3 c5 13. c3 Ne8 14. Qh3 Nd6 15. g4 f5 16. Nf3 Ne4 17. Ne5 Qe8 18. gxf5 exf5 19. Be2 Bd6 20. Nxe4 dxe4 21. Kf2 cxd4 22. cxd4 Bxe5 23. dxe5 Rc8 24. Rg1 Qe6 25. Rad1 Rfd8 26. Qh5 Kh7 27. Rxd8 Rxd8 28. Rd1 Rxd1 29. Bxd1 1/2-1/2

[Event "FIN-chT 1011"]
[Site "Finland"]
[Date "2011.03.12"]
[Round "8.6"]
[White "Linnanen, Lassi"]
[Black "Kanko, Ilkka"]
[Result "1/2-1/2"]
[WhiteElo "2177"]
[BlackElo "2243"]
[PlyCount "120"]
[EventDate "2010.09.18"]
[EventType "team-tourn"]
[EventRounds "9"]
[EventCountry "FIN"]
[SourceTitle "EXT 2012"]
[Source "ChessBase"]
[SourceDate "2011.11.24"]
[SourceVersion "1"]
[SourceVersionDate "2011.11.24"]
[SourceQuality "1"]
[WhiteTeam "Betfair Aatos"]
[BlackTeam "Helsinki SSK"]
[WhiteTeamCountry "FIN"]
[BlackTeamCountry "FIN"]

1. d4 Nf6 2. Nf3 b6 3. Bf4 Bb7 4. e3 g6 5. Be2 Bg7 6. 0-0 0-0 7. c4 d6 8. Nc3 Nbd7 9. h3 Re8 10. Bh2 a6 11. Qc2 c5 12. Rfd1 cxd4 13. exd4 Rc8 14. Qb3 Qc7 15. Na4 e5 16. dxe5 dxe5 17. Qe3 Qc6 18. Nc3 e4 19. Nd4 Qc5 20. Na4 Qa5 21. Nc3 Ne5 22. Nb3 Qb4 23. Nd5 Bxd5 24. cxd5 Nc4 25. Bxc4 Rxc4 26. d6 Nd7 27. Rd2 a5 28. a3 Qb5 29. Rad1 a4 30. Nd4 Qc5 31. Bg3 Qh5 32. Bf4 Qc5 33. b4 axb3 34. Nxb3 Qxa3 35. Nd4 Qc5 36. Nb3 Qb4 37. Nd4 f5 38. Ne2 Rec8 39. Rd5 Rc2 40. g4 Qc4 41. Ng3 Rc3 42. Qe1 Rf3 43. Qd2 fxg4 44. hxg4 Bc3 45. Qc1 Rd3 46. R5xd3 exd3 47. Qe3 Bd4 48. Qc1 Qxc1 49. Bxc1 Rc2 50. Be3 Bxe3 51. fxe3 Ne5 52. Rxd3 Rc8 53. Rb3 Rb8 54. Ne4 Nd7 55. Kg2 h6 56. Rb5 Kf7 57. Kf3 Ke6 58. Kf4 Rf8+ 59. Kg3 Ra8 60. g5 hxg5 1/2-1/2

[Event "FIN-ch Seniors"]
[Site "Helsinki"]
[Date "2010.06.20"]
[Round "7"]
[White "Kanko, Ilkka"]
[Black "Saharinen, Petri"]
[Result "1-0"]
[WhiteElo "2245"]
[BlackElo "1857"]
[PlyCount "111"]
[EventDate "2010.06.14"]
[EventType "tourn"]
[EventRounds "7"]
[EventCountry "FIN"]
[SourceTitle "EXT 2022"]
[Source "ChessBase"]
[SourceDate "2021.10.06"]
[SourceVersion "1"]
[SourceVersionDate "2021.10.06"]
[SourceQuality "1"]

1. d4 Nf6 2. c4 g6 3. Nc3 d5 4. Nf3 Bg7 5. cxd5 Nxd5 6. e4 Nxc3 7. bxc3 c5 8. Be3 Nc6 9. Qd2 cxd4 10. cxd4 Bg4 11. Rd1 Bxf3 12. gxf3 a6 13. Be2 e6 14. 0-0 0-0 15. d5 exd5 16. Qxd5 Be5 17. Qxd8 Raxd8 18. Bb6 Nd4 19. Bxd8 Rxd8 20. Kg2 Rc8 21. Rd2 Ne6 22. Rb1 Nf4+ 23. Kf1 b5 24. Bd1 Rc7 25. Rd8+ Kg7 26. Bb3 a5 27. Bd1 b4 28. Bb3 Rc3 29. Rd7 Rxf3 30. Rxf7+ Kh6 31. Rd1 Kg5 32. Rd5 Nxd5 33. Rxf3 Nc3 34. Rf7 Nxe4 35. Rxh7 Nd2+ 36. Ke2 Nxb3 37. axb3 Bd4 38. Rb7 Kg4 39. Rb5 g5 40. Rxa5 Kh4 41. Rb5 Bc3 42. Kf3 Bd2 43. Kg2 Kg4 44. Rc5 Kf4 45. Rc4+ Ke5 46. Kf3 Kd5 47. Kg4 Ke5 48. h4 gxh4 49. f4+ Ke6 50. Kxh4 Kf5 51. Kg3 Ke6 52. Kf3 Kd5 53. Kg4 Ke6 54. Kg5 Bc3 55. Kg6 Ke7 56. f5 1-0

[Event "FIN-ch Seniors"]
[Site "Helsinki"]
[Date "2010.06.18"]
[Round "5"]
[White "Kanko, Ilkka"]
[Black "Kangas, Mauno"]
[Result "1-0"]
[WhiteElo "2245"]
[BlackElo "1935"]
[PlyCount "85"]
[EventDate "2010.06.14"]
[EventType "tourn"]
[EventRounds "7"]
[EventCountry "FIN"]
[SourceTitle "EXT 2022"]
[Source "ChessBase"]
[SourceDate "2021.10.06"]
[SourceVersion "1"]
[SourceVersionDate "2021.10.06"]
[SourceQuality "1"]

1. d4 Nf6 2. c4 e6 3. Nf3 d5 4. Nc3 b6 5. Bg5 Be7 6. e3 Bb7 7. Bxf6 Bxf6 8. cxd5 exd5 9. Qb3 0-0 10. Be2 a5 11. 0-0 Na6 12. Rad1 Re8 13. a3 Rb8 14. Rfe1 c6 15. Bf1 b5 16. Qc2 g6 17. Bd3 Bc8 18. h3 Nc7 19. e4 Be6 20. exd5 Nxd5 21. Ne4 Nf4 22. Qxc6 Nxd3 23. Nxf6+ Qxf6 24. Rxd3 Rec8 25. Qa6 Ra8 26. Qb6 Rcb8 27. Qd6 Rd8 28. Qe5 Qxe5 29. Nxe5 Ra6 30. Rc1 Bd5 31. Rc7 Rad6 32. Ra7 a4 33. Rc3 f6 34. Ng4 Bc4 35. Re3 Kf8 36. Rxh7 f5 37. Ne5 f4 38. Rf3 Kg8 39. Rc7 Rxd4 40. Nxg6 Rd2 41. Nxf4 Bf7 42. Rg3+ Kf8 43. Rg5 1-0

[Event "FIN-ch Seniors"]
[Site "Helsinki"]
[Date "2010.06.17"]
[Round "4"]
[White "Jalo, Pentti"]
[Black "Kanko, Ilkka"]
[Result "0-1"]
[WhiteElo "1816"]
[BlackElo "2245"]
[PlyCount "115"]
[EventDate "2010.06.14"]
[EventType "tourn"]
[EventRounds "7"]
[EventCountry "FIN"]
[SourceTitle "EXT 2022"]
[Source "ChessBase"]
[SourceDate "2021.10.06"]
[SourceVersion "1"]
[SourceVersionDate "2021.10.06"]
[SourceQuality "1"]

1. e4 c5 2. Nf3 e6 3. d4 cxd4 4. Nxd4 Nc6 5. Nc3 Qc7 6. Be3 a6 7. Be2 Nf6 8. 0-0 Be7 9. Bf3 d6 10. a3 0-0 11. Nxc6 bxc6 12. Na4 Nd7 13. Rb1 Rb8 14. b4 a5 15. c3 Ra8 16. Be2 Bf6 17. b5 cxb5 18. Bxb5 Rb8 19. c4 Ne5 20. Qe2 Bd7 21. f4 Nxc4 22. Bxd7 Nxe3 23. Qxe3 Qxd7 24. e5 dxe5 25. fxe5 Bxe5 26. Qxe5 Rxb1 27. Rxb1 Qxa4 28. h3 Qxa3 29. Ra1 Qb4 30. Rxa5 Qb1+ 31. Kh2 Qb8 32. Qg3 Qxg3+ 33. Kxg3 g6 34. Kf4 Kg7 35. g4 Rb8 36. Ra4 Rb5 37. h4 g5+ 38. hxg5 Kg6 39. Rc4 Rxg5 40. Kf3 h5 41. gxh5+ Rxh5 42. Rc7 Ra5 43. Ke4 f5+ 44. Ke3 e5 45. Rc8 Ra3+ 46. Kf2 Kg5 47. Rc5 Kf4 48. Rc2 e4 49. Rb2 Rd3 50. Kg2 Kg4 51. Kf1 f4 52. Rb4 Kf3 53. Rb1 Rd2 54. Rb3+ e3 55. Rb1 e2+ 56. Ke1 Rd1+ 57. Rxd1 exd1Q+ 58. Kxd1 0-1

[Event "FIN-ch Seniors"]
[Site "Helsinki"]
[Date "2010.06.16"]
[Round "3"]
[White "Kanko, Ilkka"]
[Black "Jarvinen, Seppo"]
[Result "1-0"]
[WhiteElo "2245"]
[BlackElo "1901"]
[PlyCount "87"]
[EventDate "2010.06.14"]
[EventType "tourn"]
[EventRounds "7"]
[EventCountry "FIN"]
[SourceTitle "EXT 2022"]
[Source "ChessBase"]
[SourceDate "2021.10.06"]
[SourceVersion "1"]
[SourceVersionDate "2021.10.06"]
[SourceQuality "1"]

1. d4 g6 2. c4 Bg7 3. e4 d6 4. Nc3 e6 5. Nf3 c6 6. Be2 b6 7. Be3 Bb7 8. Qd2 Nd7 9. 0-0 h5 10. Rad1 Ne7 11. Ng5 0-0 12. f4 d5 13. Qc2 dxe4 14. Ncxe4 Qc7 15. Kh1 Rad8 16. Bg1 Nf6 17. Nxf6+ Bxf6 18. Ne4 Bg7 19. c5 Nf5 20. Qa4 Bc8 21. Qb4 Rd5 22. Nc3 bxc5 23. Nxd5 exd5 24. Qxc5 Re8 25. Bd3 Bf8 26. Qc3 Bd6 27. Rc1 c5 28. dxc5 Bxf4 29. Rce1 Rxe1 30. Rxe1 Qd8 31. Bb5 Be6 32. Rf1 Bg5 33. c6 d4 34. Qa3 Bd5 35. Be2 Bxc6 36. Bf3 Bb5 37. Rd1 Qb6 38. Be4 Ne3 39. Re1 Qe6 40. Bf3 Qd7 41. Qc5 Nf5 42. Rd1 Bf6 43. Be4 d3 44. Qxa7 1-0

[Event "FIN-chT 0910"]
[Site "Finland"]
[Date "2009.10.17"]
[Round "3.5"]
[White "Kanko, Ilkka"]
[Black "Linnanen, Lassi"]
[Result "1/2-1/2"]
[WhiteElo "2246"]
[BlackElo "2184"]
[PlyCount "47"]
[EventDate "2009.09.19"]
[EventType "team-tourn"]
[EventRounds "9"]
[EventCountry "FIN"]
[SourceTitle "EXT 2022"]
[Source "ChessBase"]
[SourceDate "2021.10.06"]
[SourceVersion "1"]
[SourceVersionDate "2021.10.06"]
[SourceQuality "1"]
[WhiteTeam "Helsinki HSK"]
[BlackTeam "Helsinki Aatos"]
[WhiteTeamCountry "FIN"]
[BlackTeamCountry "FIN"]

1. d4 d6 2. c4 e5 3. Nc3 exd4 4. Qxd4 Nc6 5. Qd2 Nf6 6. b3 Bf5 7. Bb2 d5 8. cxd5 Nb4 9. Rc1 Nfxd5 10. a3 Nxc3 11. Qxc3 Nc6 12. Nf3 f6 13. e3 Bd6 14. Bc4 Qe7 15. 0-0 Ne5 16. Nxe5 Bxe5 17. Qd2 Rd8 18. Qe2 Bxb2 19. Qxb2 Bd3 20. Bxd3 Rxd3 21. Qc2 Rd7 22. Qc4 c6 23. Rcd1 Qf7 24. Qxf7+ 1/2-1/2

[Event "FIN-chT 0809"]
[Site "Finland"]
[Date "2009.02.14"]
[Round "6.6"]
[White "Kanko, Ilkka"]
[Black "Hamalainen, Sami"]
[Result "0-1"]
[WhiteElo "2241"]
[BlackElo "2245"]
[PlyCount "56"]
[EventDate "2008.09.06"]
[EventType "team-tourn"]
[EventRounds "9"]
[EventCountry "FIN"]
[SourceTitle "EXT 2022"]
[Source "ChessBase"]
[SourceDate "2021.10.06"]
[SourceVersion "1"]
[SourceVersionDate "2021.10.06"]
[SourceQuality "1"]
[WhiteTeam "Helsinki HSK"]
[BlackTeam "Vantaa EtVaS"]
[WhiteTeamCountry "FIN"]
[BlackTeamCountry "FIN"]

1. d4 e6 2. Nf3 c5 3. e3 Nf6 4. c4 d5 5. cxd5 exd5 6. Nc3 Nc6 7. Bb5 a6 8. Bxc6+ bxc6 9. 0-0 Bd6 10. dxc5 Bxc5 11. e4 0-0 12. exd5 Nxd5 13. Ne4 Be7 14. Nd4 Qb6 15. Qa4 Nb4 16. Be3 c5 17. Nb3 Nc2 18. Rac1 Nxe3 19. fxe3 c4 20. Nd4 Bb7 21. Qc2 Rae8 22. Nf5 Bb4 23. Rf4 Re5 24. Rcf1 Rfe8 25. Ng5 Qg6 26. Rg4 Bc5 27. Qxc4 Rxf5 28. Rxf5 Qxf5 0-1

[Event "Helsinki-ch Seniors 0809"]
[Site "Helsinki"]
[Date "2009.??.??"]
[Round "4"]
[White "Hurme, Harri M"]
[Black "Kanko, Ilkka"]
[Result "0-1"]
[WhiteElo "2254"]
[BlackElo "2237"]
[PlyCount "140"]
[EventDate "2008.12.??"]
[EventType "tourn"]
[EventRounds "9"]
[EventCountry "FIN"]
[SourceTitle "EXT 2011"]
[Source "ChessBase"]
[SourceDate "2010.11.26"]
[SourceVersion "1"]
[SourceVersionDate "2010.11.26"]
[SourceQuality "1"]

1. e4 c5 2. Nf3 e6 3. d4 cxd4 4. c3 Nf6 5. e5 Nd5 6. cxd4 Nc6 7. Nc3 d6 8. Bd3 dxe5 9. dxe5 Nxc3 10. bxc3 Qa5 11. 0-0 Be7 12. Qe2 0-0 13. Rb1 f5 14. exf6 Bxf6 15. Rb5 Qc7 16. Ng5 g6 17. Nxe6 Bxe6 18. Qxe6+ Kh8 19. Bh6 Bg7 20. Qh3 Bxh6 21. Qxh6 Rf6 22. Qe3 Raf8 23. f4 b6 24. g3 Qd6 25. Be4 Re8 26. Qd3 Qxd3 27. Bxd3 Rd6 28. Bc4 Na5 29. Re5 Rc8 30. Bd5 Nc6 31. Bxc6 Rdxc6 32. Re7 R8c7 33. Rxc7 Rxc7 34. Rc1 b5 35. Kf2 Kg7 36. Ke3 a6 37. Kd3 Rd7+ 38. Kc2 h5 39. Re1 Kf6 40. Re5 Rc7 41. Kb3 Rd7 42. Rc5 Rd2 43. Rc6+ Kg7 44. Rxa6 Rxh2 45. Rb6 Rg2 46. Rxb5 Rxg3 47. a4 h4 48. Rb7+ Kh6 49. Rd7 h3 50. Rd2 Kh5 51. a5 Re3 52. a6 Re7 53. Ra2 Ra7 54. Kb4 Kg4 55. Kb5 Kxf4 56. Kb6 Ra8 57. a7 g5 58. Kb7 Rxa7+ 59. Rxa7 h2 60. Ra4+ Ke3 61. Ra1 g4 62. c4 Kd4 63. Rc1 Kc5 64. Kc7 g3 65. Rh1 Kxc4 66. Kd6 Kd4 67. Ke6 Ke4 68. Kf6 Kf4 69. Ra1 g2 70. Ra4+ Ke3 0-1

[Event "FIN-chT 0809"]
[Site "Finland"]
[Date "2008.09.07"]
[Round "2.5"]
[White "Kanko, Ilkka"]
[Black "Salo, Tapio"]
[Result "1/2-1/2"]
[WhiteElo "2241"]
[BlackElo "2298"]
[PlyCount "24"]
[EventDate "2008.09.06"]
[EventType "team-tourn"]
[EventRounds "9"]
[EventCountry "FIN"]
[SourceTitle "EXT 2022"]
[Source "ChessBase"]
[SourceDate "2021.10.06"]
[SourceVersion "1"]
[SourceVersionDate "2021.10.06"]
[SourceQuality "1"]
[WhiteTeam "Helsinki HSK"]
[BlackTeam "Salo SK"]
[WhiteTeamCountry "FIN"]
[BlackTeamCountry "FIN"]

1. d4 Nf6 2. c4 e6 3. Nf3 b6 4. g3 Ba6 5. b3 Bb7 6. Bg2 Bb4+ 7. Bd2 a5 8. 0-0 0-0 9. Nc3 d6 10. a3 Bxc3 11. Bxc3 Nbd7 12. Ne1 Bxg2 1/2-1/2